Statistics for Faith In The Future - Louis Tomlinson (Tracklist)

Click here to take the quiz!

General Stats

  • This quiz has been taken 23 times
  • The average score is 16 of 19

Answer Stats

No.Title% Correct
1.The Greatest
100%
3.Bigger Than Me
94%
6.Chicago
94%
9.Headline
88%
15.Holding On To Heartache
88%
8.Out Of My System
88%
10.Saturdays
88%
11.Silver Tongues
88%
7.All This Time
82%
14.Angels Fly
82%
13.Common People
82%
5.Face The Music
82%
18.High In California
82%
4.Lucky Again
82%
16.That's The Way Love Goes
82%
2.Written All Over Your Face
82%
12.She Is Beauty We Are World Class
76%
17.Change
71%
19.Face The Music (Acoustic Demo)
59%

Score Distribution

Percentile by Number Answered

Percent of People with Each Score

Your Score History

You have not taken this quiz